000 01157naa a22003017a 4500
001 BR9509925
003 BR-BrBNA
005 20240918181437.0
007 ta
008 230509b bl.||||| |||| 00| 0 por d
040 _aBR-BrBNA
_bpor
_cBiblioteca Nacional de Agricultura
041 _a(Pt)
072 _aF01; F30
_b1940
090 _aF01 BR9509925
100 1 _aPrimavesi, A.C.
100 1 _aPrimavesi, O.
100 1 _aGodoy, R.
111 1 _a15. Reuniao da Comissao Sulbrasileira de Pesquisa de Aveia
_cEntre Rios, PR (Brazil)
_d5-7 Apr 1995
245 1 _aAvaliacao de indicadores para determinar as epocas adequadas de 1. corte e de intervalos de corte para duas cultivares de aveia
260 3 _aGuarapuava, PR (Brasil):
_c1995.
500 _a15. Reuniao da Comissao Sulbrasileira de Pesquisa de Aveia Guarapuava, PR (Brasil): 1995. p. 91-92 (BR9509925-AM)F01
650 _aAveia Forrageira
650 _aVariedade
650 _aColheita
773 0 _t15. Reuniao da Comissao Sulbrasileira de Pesquisa de Aveia
_wF01 BR9509925
_gGuarapuava, PR (Brasil), 1995. p. 91-92
909 _a202404
_bLucia
_c55
_dLucia Elande
942 _cAM
_2AGRIS
999 _c325287
_d325287